000 01055nas a2200277 4500
001 BR8103407
003 BR-BrBNA
005 20231205084752.0
007 ta
008 230509b bl.|||p| |||| 00| 00por d
040 _aBR-BrBNA
_bpor
_cBiblioteca Nacional de Agricultura
041 _a(Pt)
072 _aH20
100 1 _aAlmeida, R.T. de
100 1 _aLandim, C.M.U.
245 1 _aRhizopus stolonifer (Ehrenb. ex fr.)Vull., agente da podridao mole dos frutos da jaqueira (Artocarpus heterophyllus Lam.)e da fruta pao (Artocarpus altilio Fosberg), no estado do Ceara [Fungo; Brasil]
246 1 _aSoft rot of young fruits of jackfruit (Artocarpus heterophyllus Lam.)and breadfruit (Artocarpus altilio Fosberg), in the state of Ceara, Brazil [Fungus]
650 _aDoenca de planta
650 _aJaca
650 _aFruta-pao
650 _aPodridao mole
650 _aCeara
773 0 _tFitossanidade (Brazil)
_xISSN 0100-4205
_g(Dec 1980), v. 4(1) p. 23-24
_wBR8103407
909 _a202311
_bLúcia
_c55
_dLúcia Elande
942 _2AGRIS
_n0
_cANA
999 _c107171
_d107171